Business analytics for decision making (Record no. 18208)
[ view plain ]
| 000 -LEADER | |
|---|---|
| fixed length control field | 00548nam a2200181Ia 4500 |
| 008 - FIXED-LENGTH DATA ELEMENTS--GENERAL INFORMATION | |
| fixed length control field | 220501s2020 xx 000 0 eng d |
| 020 ## - INTERNATIONAL STANDARD BOOK NUMBER | |
| International Standard Book Number | 9789353948436 |
| 082 ## - DEWEY DECIMAL CLASSIFICATION NUMBER | |
| Classification number | 658.4032 MAT-B |
| 100 ## - MAIN ENTRY--PERSONAL NAME | |
| Personal name | Mathew, Regi |
| 245 #0 - TITLE STATEMENT | |
| Title | Business analytics for decision making |
| Statement of responsibility, etc | Regi Mathew |
| 260 ## - PUBLICATION, DISTRIBUTION, ETC. (IMPRINT) | |
| Place of publication, distribution, etc | NOIDA |
| Name of publisher, distributor, etc | Pearson |
| Date of publication, distribution, etc | 2020 |
| 300 ## - PHYSICAL DESCRIPTION | |
| Extent / Pages | xvi, 320p |
| 650 ## - SUBJECT ADDED ENTRY--TOPICAL TERM | |
| Topical term or geographic name as entry element | Business intelligence |
| 650 ## - SUBJECT ADDED ENTRY--TOPICAL TERM | |
| Topical term or geographic name as entry element | Decision making - Data processing |
| 650 ## - SUBJECT ADDED ENTRY--TOPICAL TERM | |
| Topical term or geographic name as entry element | Decision making - Statistical methods |
| 650 ## - SUBJECT ADDED ENTRY--TOPICAL TERM | |
| Topical term or geographic name as entry element | Management - Statistical methods |
| 942 ## - ADDED ENTRY ELEMENTS (KOHA) | |
| Source of classification or shelving scheme | |
| Koha item type | Reference Books |
| 942 ## - ADDED ENTRY ELEMENTS (KOHA) | |
| -- | 6 |
| Withdrawn status | Lost status | Source of classification or shelving scheme | Damaged status | Not for loan | Home library | Current library | Date acquired | Source of acquisition | Full call number | Barcode | Date last seen | Copy number | Bill Date | Koha item type | Bill Number | Total Checkouts | Total Renewals | Date last borrowed |
|---|---|---|---|---|---|---|---|---|---|---|---|---|---|---|---|---|---|---|
| SOBD Library | SOBD Library | 26/05/2022 | Vedi Books | 658.4032 MAT-B1 | 001508 | 01/07/2022 | 1 | 14/04/2022 | Reference Books | VEDI/22-23/04/11 | ||||||||
| SOBD Library | SOBD Library | 26/05/2022 | Vedi Books | 658.4032 MAT-B2 | 001509 | 13/12/2025 | 2 | 14/04/2022 | Books | VEDI/22-23/04/11 | 6 | 2 | 28/11/2025 |